000 00722nam a2200241Ia 4500
003 OSt
005 20220923230358.0
006 a|||||r|||| 00| 0
007 ta
008 Pun
024 _a280,033
037 _cTextual
040 _aARTS
_cARTS
_bPun
041 _2Pun
_aPun
082 _aO153,2N29x, M1.-3
100 _aਸਿੰਘ, ਹਰਸਰਨ
245 0 _aਹਰਸਰਨ ਸਿੰਘ ਰਚਨਾਵਲੀ
260 _aਲੁਧਿਆਣਾ
_b ਸੈਜ਼ਟਰਲ ਪਬਲਿFਰਗ਼
_c1981
300 _a172ਪੰ
_ccm.
650 _aਭੱਜ਼ਾਂਸ਼. ਸਾਂFੲਛ
942 _hO153,2N29x, M1.-3
_cTEXL
_2CC
999 _c384388
_d384388